02681nam a2200349 i 4500001001900000003000600019005001700025006001900042007001500061008004100076020001800117035002300135035002400158035002200182035002900204035002400233035002800257040004100285041001200326050002100338100003100359245014300390260004300533300007500576490004200651504005100693505033800744520114801082650003802230650004102268650002202309991025533514107026UkOxU20260512145753.0m o d | cr#cnu||||||||230503s2023 enka ob 001 0 eng d a9781032329239 a(MiAaPQ)EBC7169177 a(Au-PeEL)EBL7169177 a(OCoLC)1357018342 a(NjHacI)9925945571300041 a(CKB)25945571300041 a(EXLCZ)9925945571300041 aMiAaPQbengerdaepncMiAaPQdMiAaPQ aEnglish 4aHD60b.H693 2023 aHowaniec, Honorataeauthor10aCorporate social responsibility and marketing ethics b: the effects of value-based marketing on consumer behaviour c/ Honorata Howaniec. aAbingdon, England :bRoutledge,c2023. a225 pages :billustrations, charts, tables (black and white) ;c24 cm. aRoutledge Studies in Marketing Series aIncludes bibliographical references and index.0 aCorporate social responsibility: genesis and the role of ethics in shaping the concept — The essence of corporate social responsibility — Social responsibility and value-based marketing — Shaping value-based marketing — Value creation in practice — social responsibility as an element of enterprise value; research results. aChanges in the economy and greater competition force us to adapt our business practices and to take greater account of the needs of consumers and the social problems they care about. Consumers are placing an increasing weight on the social responsibility of the organisations they choose to purchase from and associate with, and businesses must adopt corporate social responsibility (CSR) practices into their marketing strategies. This book demonstrates the concept of CSR and how it is included as an element of value-based marketing. Using research from the Polish market, the author explores the concept of value-based marketing, how organisations are implementing CSR, and analyses the effect on consumer behaviour. It examines consumer awareness of CSR practices and the effect this has on their purchasing decisions and brand loyalty, making the argument that disregarding CSR can be detrimental to businesses success and profit. Providing both empirical and theoretical perspectives, this book will be a useful reference for scholars and upper-level students across business disciplines including marketing, CSR, and business ethics. 0aSocial responsibility of business 0aMarketingxMoral and ethical aspects 0aConsumer behavior